|
|
|
|
| LEADER |
00000cam a2200000 7i4500 |
| 001 |
0000002409 |
| 002 |
000002625 |
| 005 |
20000330.0 |
| 020 |
|
|
|a 9839759019
|
| 090 |
0 |
0 |
|a 330.9595
|b MUS
|
| 100 |
0 |
|
|a Mustafa Mohamed
|
| 245 |
1 |
0 |
|a Kefahaman ekonomi :
|b untuk yang memimpin dan dipimpin
|c Mustafa Mohamad
|
| 260 |
|
|
|a Kuala Lumpur :
|b Cahaya Pantai(M)Sdn.Bhd ,
|c 1993
|
| 300 |
|
|
|a 163p. ;
|c 21cm.
|
| 650 |
0 |
0 |
|a Economics
|
| 999 |
|
|
|a 035976
|b BUKU
|c MALAYSIANA
|e PERPUSTAKAAN KOMUNITI PETALING JAYA
|
| 999 |
|
|
|a 035977
|b BUKU
|c PINJAMAN
|e PERPUSTAKAAN KOMUNITI PETALING JAYA
|
| 999 |
|
|
|a 036721
|b BUKU
|c PINJAMAN
|e PERPUSTAKAAN KOMUNITI PETALING JAYA
|